| 000 | 00807cam a22002413a 4500 | ||
|---|---|---|---|
| 001 | 8645 | ||
| 003 | PGUSA | ||
| 005 | 20140828083202.0 | ||
| 008 | 050801s2005||||xxu|||||s|||||000 1 eng d | ||
| 040 |
_aPGUSA _beng |
||
| 042 | _adc | ||
| 050 | 4 | _aPS | |
| 100 | 1 |
_aCurtis, George William, _d1824-1892 |
|
| 245 | 1 | 0 |
_aPrue and I _h[electronic resource] / _cGeorge William Curtis |
| 260 |
_bProject Gutenberg, _c2005 |
||
| 505 | 0 | _aDinner-time -- My chateaux -- Sea from shore -- Titbottom's spectacles -- A cruise in the Flying Dutchman -- Family portraits -- Our cousin the curate. | |
| 506 | _aPublic domain in the USA. | ||
| 516 | _aElectronic text | ||
| 653 | _aBiographical fiction, American | ||
| 830 | 0 |
_aProject Gutenberg _v8645 |
|
| 856 | 4 | 0 | _uhttp://www.gutenberg.org/ebooks/8645 |
| 942 | _cEB | ||
| 999 |
_c237945 _d237945 |
||